Australia Top 10 Baby Girl Names Quiz (2 Minutes) - Statistics

General Stats
  • This quiz has been taken 142 times
  • The average score is 26 of 50
Answer Stats
Hint Answer % Correct
1980 Emma
77%
1990 Emma
77%
2000 Emma
77%
2000 Olivia
74%
2010 Olivia
74%
2016 Olivia
74%
1990 Emily
72%
2000 Emily
72%
2010 Emily
72%
2016 Emily
72%
1980 Sarah
69%
1990 Sarah
69%
2000 Sarah
69%
2000 Isabella
67%
2010 Isabella
67%
2010 Charlotte
66%
2016 Charlotte
66%
2000 Sophie
66%
2010 Amelia
65%
2016 Amelia
65%
2016 Ava
65%
2010 Mia
63%
2016 Mia
63%
2010 Ella
53%
1980 Jessica
52%
1990 Jessica
52%
2000 Jessica
52%
1980 Laura
48%
1990 Laura
48%
2016 Grace
47%
2000 Hannah
47%
2000 Chloe
45%
2010 Chloe
45%
2016 Chloe
45%
2010 Lily
44%
2016 Evie
42%
1980 Rebecca
40%
1990 Rebecca
39%
1980 Amanda
35%
2016 Isla
35%
1990 Samantha
35%
1980 Lauren
32%
1990 Lauren
32%
1980 Kate
28%
1980 Nicole
26%
2010 Ruby
22%
1990 Stephanie
18%
1980 Melissa
13%
1990 Georgia
5%
2000 Georgia
5%
No matching quizzes found
Score Distribution
Percent of People with Each Score
Percentile by Number Answered
Your Score History
You have not taken this quiz